| 000 | 00901nam a22002657a 4500 | ||
|---|---|---|---|
| 001 | 4411 | ||
| 003 | FISKH | ||
| 005 | 20250403093318.0 | ||
| 008 | 240821b cb ||||| |||| 00| 0 eng d | ||
| 020 | _a9780141370217 | ||
| 040 |
_aFISKH _beng _cFISKH _dFISKH |
||
| 050 | _aPZ7.K5893 | ||
| 082 | _2823.914 | ||
| 100 |
_aKing-Smith, Dick _d (1922–2011) |
||
| 245 |
_aThe sheep-pig / _cDick King-Smith ; Illustrated by Ann Kronheimer |
||
| 250 | _aThis edition published 2017 | ||
| 260 |
_aLondon : _bPuffin, _c1983. |
||
| 300 |
_a135 pages : _billustrations ; _c20 cm |
||
| 520 | _aA piglet destined for eventual butchering arrives at the farmyard, is adopted by an old sheep dog, and discovers a special secret to success. | ||
| 650 |
_aAnimals _vTalking animals _xFantasy |
||
| 650 |
_aFarm _vFiction _xFriendship |
||
| 700 |
_aKronheimer, Ann _eillustrator |
||
| 942 |
_2ddc _cBK _n0 |
||
| 999 |
_c4411 _d4411 |
||